Владивосток. Штрихи к портрету

Detaylı Bibliyografya
Diğer Yazarlar: Августовский Б. (редактор), Калягин В., Крушанов А., Малахов Г., Марков В., Дудко В. А. Виктор Алексеевич
Özet:Авт. указаны на обороте тит. л.
К 125-летию основания города
Dil:Rusça
Baskı/Yayın Bilgisi: Владивосток, Дальневосточное книжное изд-во, 1985
Konular:
Materyal Türü: Kitap
KOHA link:https://koha.lib.tpu.ru/cgi-bin/koha/opac-detail.pl?biblionumber=288753

MARC

LEADER 00000nam0a2200000 4500
001 288753
005 20231102000124.0
020 |a RU  |b 85-71184 
035 |a (RuTPU)RU\TPU\book\313237 
090 |a 288753 
100 |a 20150327d1985 m y0rusy5003 ca 
101 0 |a rus 
102 |a RU 
105 |a a z 000zy 
200 1 |a Владивосток. Штрихи к портрету  |f Б. Августовский [и др.]  |g отв. ред. В. А. Дудко 
210 |a Владивосток  |c Дальневосточное книжное изд-во  |d 1985 
215 |a 304 с.  |c 40 л. ил. 
300 |a Авт. указаны на обороте тит. л. 
300 |a К 125-летию основания города 
606 1 |a Города  |x Архитектура  |2 stltpush  |3 (RuTPU)RU\TPU\subj\8274  |9 35731 
610 1 |a Владивосток 
610 1 |a история 
610 1 |a хроника 
610 1 |a архитектура 
675 |a 728.1  |z rus  |v 3 
701 1 |a Августовский  |b Б. 
701 1 |a Калягин  |b В. 
701 1 |a Крушанов  |b А. 
701 1 |a Малахов  |b Г. 
701 1 |a Марков  |b В. 
702 1 |a Дудко  |b В. А.  |g Виктор Алексеевич  |4 340 
801 0 |a RU  |b RuMRKP  |c 19950704  |g psbo 
801 1 |a RU  |b 63413507  |c 20150327 
801 2 |a RU  |b 63413507  |c 20180316  |g RCR 
942 |c BK